000 00645nam a2200205Ia 4500
003 GCL
008 140319s9999 xx 000 0 ara d
040 _aGCL /
_cGCL
082 0 4 _aم
_b953
_bا ت
100 1 _aالانطاكى، يحى بن سعيد
245 1 0 _aتاريخ الانطاكى: المعروف بصلة تاريخ اوتيخا /
_cالانطاكى، يحى بن سعيد
260 _a[S.N] :
_bجروس برس ،
_c1990
300 _a582 ص
490 _a
650 0 4 _aتاريخ
650 0 4 _aالاسلام
650 0 4 _aالتاريخ الاسلامى
650 0 4 _aالدولة العباسية
942 _2ddc
_cREF
999 _c51270
_d51270